Message of the executive Government of Colombia at the opening of the first constitutional Congress of the Republic (Registro nro. 62687)
[ vista simple ]
| 000 -ENCABEZADO | |
|---|---|
| Número de control [NR] | 00759nam a2200181Ia 4500 |
| 008 - DE LONGITUD FIJA DE DATOS DE ELEMENTOS - INFORMACIÓN GENERAL | |
| Elementos de longitud fija [NR] | 130821s1823 xx gr eng |
| 040 ## - FUENTE DE CATALOGACION [NR] | |
| Agencia de catalogación original [NR] | Co-BoUCM |
| Idioma de catalogación [NR] | spa |
| 041 00 - CODIGO DE IDIOMA [R] | |
| Código de idioma para texto/pista de sonido o título separado [R] | Inglés |
| 100 1# - ASIENTO PRINCIPAL--NOMBRE PERSONAL [NR] | |
| Nombre personal [NR] | Gual, Pedro |
| Fechas asociadas con el nombre [NR] | 1784-1862 |
| 245 10 - MENCION DE TITULO [NR] | |
| Título [NR] | Message of the executive Government of Colombia at the opening of the first constitutional Congress of the Republic |
| Mención de responsabilidad, etc. [NR] | Pedro Gual |
| 260 ## - PUBLICACION, DISTRIBUCION, ETC. (PIE DE IMPRENTA) [R] | |
| Lugar de publicación, distribución, etc. [R] | [Lugar desconocido] |
| Nombre del editor, distribuidor, etc. [R] | [Editorial desconocida] |
| Fecha de publicación, distribución, etc. [R] | 1823 |
| 300 ## - DESCRIPCION FISICA [R] | |
| Extensión [R] | 45 hojas |
| 651 #7 - ASIENTO SECUNDARIO DE MATERIA - NOMBRE GEOGRAFICO [R] | |
| Nombre geográfico [NR] | Colombia |
| Geographic name following place entry element [OBSOLETE] | Ministerio de Relaciones Exteriores |
| Subdivisión de forma [R] | Informes |
| Subdivisión cronológica [R] | 1823 |
| 9 (RLIN) | 26606 |
| 651 #7 - ASIENTO SECUNDARIO DE MATERIA - NOMBRE GEOGRAFICO [R] | |
| Nombre geográfico [NR] | Colombia |
| Geographic name following place entry element [OBSOLETE] | Relaciones internacionales |
| Subdivisión cronológica [R] | 1823 |
| 9 (RLIN) | 26606 |
| 651 #7 - ASIENTO SECUNDARIO DE MATERIA - NOMBRE GEOGRAFICO [R] | |
| Nombre geográfico [NR] | Colombia |
| Subdivisión general [R] | Administración pública |
| Subdivisión de forma [R] | Informes |
| Subdivisión cronológica [R] | 1823 |
| 9 (RLIN) | 26606 |
| 942 ## - ELEMENTOS DE ENTRADA AGREGADOS (KOHA) | |
| Tipo de ítem principal el descrito en 300a | Libro |
| Tema principal | Ciencia política |
| Edición | 1 |
| Parte restante de la signatura top. | G899 |
| Sistema de clasificación | DEWEY |
| Clasificación | 351.0006 |
| Total préstamos | Signatura topográfica | Código de barras | Última vez visto | Ejemplar | Price effective from | Tipo de ítem | Perdido | Sistema de clasificación | Dañado | No prestable | Tipo de ítem específico | Suprimido | Ubicación habitual | Ubicación actual | Localización | Fecha de creación | Forma de adquisición | Costo |
|---|---|---|---|---|---|---|---|---|---|---|---|---|---|---|---|---|---|---|
| 351.0006 G899 | 3001163 | 15/12/2012 | Ej.1 | 03/02/2013 | Libro | DEWEY | Libro | Bib. Cavelier | Acavalier | 30/09/2009 | 0.00 |